1833 1241 1553 1709 1979 1453 1819 1925 1939 1665 1049 1356 1640 1544 1284 1541 1696 1214 1860 1496 1128 1679 1900 1394 1830 1573 1256 1418 1010 1031 1252 1411 1355 1197 1550 1052 1642 1626 1334 1379 1078 1042 1881 1232 1423 1185 1836 1624 1223 1406 1514 1452 1189 1698 1096 1686 1028 1511 1189 1800 1006 1287 1583 1032 1732 1579 1897 1402 1107 1609 1177 1380 1022 1114 1634 1824 1899 1482 1022 1287 1953 1000 1896 1936 1503 1208 1838 1885 1479 1072 1913 1753 1007 1293 1749 1784 1446 1552 1186 BCNSPRNW ULIB Ver.6.0+V

เปลี่ยนเป็นภาษาไทย

Change to English
 แสดงรายละเอียดบรรณานุกรม
  กลับหน้าหลัก

Brief Record : Get Marc (ISO 2709) : E-mail record : QR code < ปิดหน้าต่าง
LEADER : 00000nam 2200000uu 4500
001    13399123843
003     ULIB
008    141204s2556||||th 000 0 tha d
020    ^a9786163200655
060  4 ^aWP140^bพ786ร
245 00 ^a9 โรคสตรีที่อันตราย ยังไม่สายหากรู้ทัน =^bWoman^'s dangerous diseases /^cปิติกานต์ บูรณาภาพ: บก.เรียบเรียง
246 31 ^aWoman^'s dangerous diseases
250    ^aพิมพ์ครั้งที่ 1
260    ^aกรุงเทพฯ :^bวิทยสถาน,^c2556
300    ^a192 หน้า :^bภาพประกอบ
505 0  ^aเนื้องอกในมดลูก--โรคเยื่อบุมดลูกเจริญเติบโตผิดที่--มะเร็งปากมดลูก--มะเร็งเต้านม--อุ้งเชิงกรานหย่อน--โรคกระดูกพรุน--ปัญหาโรคอ้วนกับการลดน้ำหนัก--ความดันโลหิตสูง--ตกขาวผิดปกติ
650  7 ^aโรคทางนรีเวช^xการป้องกันและควบคุม
650  7 ^aสตรี^xสุขภาพและอนามัย
700 0  ^aพิสุทธิพร ฉ่ำใจ,^eบรรณาธิการ
945    ^p160^l0^i22359
945    ^p160^l0^i22360
999    ^aทศพร เกษรทอง
รายการนี้ยังไม่มีแท็ก
คุณยังไม่ได้ล็อกอิน คุณสามารถมีกิจกรรมร่วมกับเว็บไซต์ได้ แต่ต้องล็อกอินก่อน ::
  ล็อกอิน

รายการสื่อสารสนเทศ

ลำดับที่ ประเภท เลขเรียก/บาร์โค้ด สถานที่ สถานะ
1. วิทยาศาสตร์การแพทย์ และสุขภาพ
วิทยาศาสตร์การแพทย์ และสุขภาพ
สถานะ=หนังสือเก่า
WP140 พ786ร ฉ.1 
  Barcode: 22359
ห้องสมุดวิทยาเขตนครสวรรค์
►ส่วนจัดเก็บหนังสือเก่า นว.
บนชั้น
  ขอยืม
2. วิทยาศาสตร์การแพทย์ และสุขภาพ
วิทยาศาสตร์การแพทย์ และสุขภาพ
สถานะ=หนังสือเก่า
WP140 พ786ร ฉ.2 
  Barcode: 22360
ห้องสมุดวิทยาเขตนครสวรรค์
►ส่วนจัดเก็บหนังสือเก่า นว.
บนชั้น
  ขอยืม

BibComment


ยังไม่เคยถูกคอมเมนท์

คอมเมนท์ทรัพยากรรายการนี้
  คอมเมนท์: 9 โรคสตรีที่อันต..


 Copyright 2026. Bcnsprnw @Library